In the house of the Lord : (Record no. 9944)

MARC details
000 -LEADER
fixed length control field 01083pam a2200277 a 4500
001 - CONTROL NUMBER
control field 4031984
003 - CONTROL NUMBER IDENTIFIER
control field GBCCL
005 - DATE AND TIME OF LATEST TRANSACTION
control field 20241126110722.0
008 - FIXED-LENGTH DATA ELEMENTS--GENERAL INFORMATION
fixed length control field 980202s1998 mnu b 000 0 eng
010 ## -
-- 98005540
020 ## - INTERNATIONAL STANDARD BOOK NUMBER
International Standard Book Number 0814624944 (alk. paper)
040 ## - CATALOGING SOURCE
Original cataloging agency DLC
Transcribing agency DLC
Modifying agency DLC
050 00 -
-- BS1430.2
-- .J45 1998
082 00 - DEWEY DECIMAL CLASSIFICATION NUMBER
Classification number 223.206
Edition information 21
Item number JIN
100 1# - MAIN ENTRY--PERSONAL NAME
Personal name Jinkins, Michael,
Dates associated with a name 1953-
9 (RLIN) 17290
245 10 - TITLE STATEMENT
Title In the house of the Lord :
Remainder of title inhabiting the psalms of lament /
Statement of responsibility, etc. Michael Jinkins.
260 ## - PUBLICATION, DISTRIBUTION, ETC.
Place of publication, distribution, etc. Collegeville, Minn. :
Name of publisher, distributor, etc. Liturgical Press,
Date of publication, distribution, etc. c1998.
300 ## - PHYSICAL DESCRIPTION
Extent ix, 142 p. ;
Dimensions 21 cm.
504 ## - BIBLIOGRAPHY, ETC. NOTE
Bibliography, etc. note Includes bibliographical references (p. 136-142).
630 00 - SUBJECT ADDED ENTRY--UNIFORM TITLE
Uniform title Bible.
Name of part/section of a work Psalms
General subdivision Criticism, interpretation, etc.
9 (RLIN) 2721
630 00 - SUBJECT ADDED ENTRY--UNIFORM TITLE
Uniform title Bible.
Name of part/section of a work Psalms
General subdivision Liturgical use.
9 (RLIN) 15300
650 #0 - SUBJECT ADDED ENTRY--TOPICAL TERM
Topical term or geographic name entry element Laments in the Bible.
9 (RLIN) 7559
906 ## - LOCAL DATA ELEMENT F, LDF (RLIN)
a 7
b cbc
c orignew
d 1
e ocip
f 19
g y-gencatlg
942 ## - ADDED ENTRY ELEMENTS (KOHA)
Source of classification or shelving scheme Dewey Decimal Classification
Koha item type Books
Holdings
Withdrawn status Lost status Source of classification or shelving scheme Damaged status Not for loan Home library Current Library Shelving location Date acquired Total checkouts Full call number Barcode Date last seen Date last checked out Copy number Price effective from Koha item type
    Dewey Decimal Classification     GRACE BIBLE COLLEGE GRACE BIBLE COLLEGE Biblical Studies 2023-09-22 1 223.206 JIN 020566 2025-05-01 2024-12-05 c.1 2023-09-22 Books
© Grace Bible College Library 2025